Normal view
MARC view
- الدهلوي،عبد الحق ، تقديم: سلمان الحسيني الندوي ، اخراج: سيد عبد الماجد الغوري
Entry Personal Name
001 - CONTROL NUMBER
- control field: 18589
003 - CONTROL NUMBER IDENTIFIER
- control field: JO-AjAnu
005 - DATE AND TIME OF LATEST TRANSACTION
- control field: 20230606073249.0
008 - FIXED-LENGTH DATA ELEMENTS
- fixed length control field: 230606|| aca||aabn | a|a d
040 ## - CATALOGING SOURCE
- Original cataloging agency: JO-AjAnu
- Transcribing agency: JO-AjAnu
100 ## - HEADING--PERSONAL NAME
- Personal name: الدهلوي،عبد الحق ، تقديم: سلمان الحسيني الندوي ، اخراج: سيد عبد الماجد الغوري
670 ## - SOURCE DATA FOUND
- Source citation: Work cat.: (JO-AjAnu)9542: الدهلوي،عبد الحق ، تقديم: سلمان الحسيني الندوي ، اخراج: سيد عبد الماجد الغوري, author, مقدمة في أصول الحديث